00230nam a2200097 4500082002000000245003800020260003900058300000800097490001500105650001200120 a530 PHYb007564 aGeneral Physics & Thermal Physics bOpen University of Sri Lankac1983 a232 aBlock - 1A aPhysics